000 00694cam a22002413a 4500
001 17050
003 PGUSA
005 20140828083349.0
008 051111s2005||||xxu|||||s|||||000 | eng d
040 _aPGUSA
_beng
042 _adc
050 4 _aBF
100 1 _aDyer, T. F. Thiselton
_q(Thomas Firminger Thiselton),
_d1848-
245 1 0 _aStrange Pages from Family Papers
_h[electronic resource] /
_cT. F. Thiselton Dyer
260 _bProject Gutenberg,
_c2005
506 _aPublic domain in the USA.
516 _aElectronic text
653 _aSuperstition
653 _aLegends
830 0 _aProject Gutenberg
_v17050
856 4 0 _uhttp://www.gutenberg.org/ebooks/17050
942 _cEB
999 _c246305
_d246305